000 00625nam a2200205Ia 4500
003 LK-CoDNM
005 20240122134351.0
008 010623t1938 xxu||||| |||| 00| 1 sin d
040 _aLK-CoDNM
_dLK-CoDNM
_eLK-CoDNM
041 _asin
080 _a104
_bK 21
100 _aSubhateris,K.A.
245 _aභික්‍ෂු ප්‍ර‍තිපත්තිය,ප්‍ර‍ථම භාගය
246 _aBhikshu Pratipattiya.Pratama Bagaya
260 _bK.M.Wicter Perera
_aMaradana
_c1938
300 _biii,114p, 21 cm
500 _aPustaka PantiNo.5
650 _aSramana Dushsila Chedanaya
942 _cBK
999 _c99014
_d99014